Библиотека Карамзиных в собрании отдела редких книг и рукописей Ульяновской областной научной библиотеки имени В. И. Ленина (Запись № 12232890)
[ простой вид ]
| 000 -МАРКЕР | |
|---|---|
| контрольное поле | 02818nam0a2200457 i 4500 |
| 001 - ИДЕНТИФИКАТОР ЗАПИСИ | |
| контрольное поле | RU\NLR\BIBL_A\011264005 |
| 005 - ИДЕНТИФИКАТОР ВЕРСИИ | |
| контрольное поле | 20260405132349.0 |
| 010 ## - МЕЖДУНАРОДНЫЙ СТАНДАРТНЫЙ НОМЕР КНИГИ (ISBN) | |
| Номер (ISBN) | 9785946552936 |
| Тираж | 1000 |
| 021 ## - НОМЕР ГОСУДАРСТВЕННОЙ РЕГИСТРАЦИИ | |
| Код страны | Российская Федерация |
| Номер | 2016-82591 |
| Номер Листа государственной регистраци | 5393 |
| 035 ## - ДРУГИЕ СИСТЕМНЫЕ НОМЕРА | |
| Идентификатор записи | (NILC)LIBNET\0000692730 |
| 035 ## - ДРУГИЕ СИСТЕМНЫЕ НОМЕРА | |
| Идентификатор записи | (NLR Aleph) 011264005 |
| 100 ## - ДАННЫЕ ОБЩЕЙ ОБРАБОТКИ | |
| Данные общей обработки | 20161109d2016 u y0rusy50 ca |
| 101 0# - ЯЗЫК РЕСУРСА | |
| Язык текста, звукозаписи и т.д. | русский |
| 102 ## - СТРАНА ПУБЛИКАЦИИ ИЛИ ПРОИЗВОДСТВА | |
| Страна публикации | Российская Федерация |
| 105 ## - ПОЛЕ КОДИРОВАННЫХ ДАННЫХ: ТЕКСТОВЫЕ МАТЕРИАЛЫ, МОНОГРАФИЧЕСКИЕ | |
| Кодированные данные о монографическом текстовом документе | ha||b||||11zy |
| 200 1# - ЗАГЛАВИЕ И СВЕДЕНИЯ ОБ ОТВЕТСТВЕННОСТИ | |
| Основное заглавие | Библиотека Карамзиных в собрании отдела редких книг и рукописей Ульяновской областной научной библиотеки имени В. И. Ленина |
| Сведения, относящиеся к заглавию | каталог |
| Первые сведения об ответственности | М-во искусства и культ. политики Ульян. обл., ОГБУК "Дворец книги - Ульян. областная науч. б-ка имени В. И. Ленина" |
| Последующие сведения об ответственности | [сост. Л. Ю. Ивашкина, В. В. Морозова |
| -- | авт. предисл. В. В. Морозова] |
| 210 ## - ПУБЛИКАЦИЯ, РАСПРОСТРАНЕНИЕ И ДР. | |
| Место издания, распространения и т.д. | Ульяновск |
| Имя издателя, распространителя и т. д. | Корпорация технологий продвижения |
| Дата издания, распространения и т.д. | 2016 |
| 215 ## - ФИЗИЧЕСКАЯ ХАРАКТЕРИСТИКА | |
| Специфическое обозначение материала и объем | 272 с. |
| Другие сведения о физической характеристике | ил., факс. |
| Размеры | 25 |
| 300 ## - ОБЩИЕ ПРИМЕЧАНИЯ | |
| Текст примечания | К 250-летию со дня рождения Н. М. Карамзина |
| 320 ## - ПРИМЕЧАНИЯ О НАЛИЧИИ В ДОКУМЕНТЕ БИБЛИОГРАФИИ / УКАЗАТЕЛЯ | |
| Текст примечания | Библиогр. в подстроч. примеч. |
| 320 ## - ПРИМЕЧАНИЯ О НАЛИЧИИ В ДОКУМЕНТЕ БИБЛИОГРАФИИ / УКАЗАТЕЛЯ | |
| Текст примечания | Указатели: с. 260-270 |
| 600 #1 - ИМЯ ЛИЦА КАК ПРЕДМЕТ | |
| Начальный элемент ввода | Карамзин |
| Часть имени, кроме начального элемента ввода | Н. М. |
| Даты | 1766 - 1826 |
| Расширение инициалов личного имени | Николай Михайлович |
| Формальный подзаголовок | Каталоги |
| Тематический подзаголовок | Библиотека |
| Системный номер авторитетной/нормативной записи | 2308540 |
| Идентификатор авторитетной/нормативной записи | RU\NLR\AUTH\6601607623 |
| 601 02 - НАИМЕНОВАНИЕ ОРГАНИЗАЦИИ КАК ПРЕДМЕТ | |
| Начальный элемент ввода | Дворец книги - Ульяновская областная научная библиотека им. В. И. Ленина |
| Структурное подразделение организации | Отдел редких книг и рукописей |
| Формальный подзаголовок | Каталоги |
| Системный номер авторитетной/нормативной записи | 2230625 |
| Идентификатор авторитетной/нормативной записи | RU\NLR\AUTH\6601571381 |
| 606 1# - НАИМЕНОВАНИЕ ТЕМЫ КАК ПРЕДМЕТ | |
| Наименование темы | Книги |
| Тематический подзаголовок | Собрания библиотек |
| Географический подзаголовок | Ульяновск, город |
| Системный номер авторитетной/нормативной записи | 2308529 |
| Идентификатор авторитетной/нормативной записи | RU\NLR\AUTH\6601607618 |
| 675 ## - УНИВЕРСАЛЬНАЯ ДЕСЯТИЧНАЯ КЛАССИФИКАЦИЯ (UDC/УДК) | |
| Индекс | 025.2 |
| 686 ## - ИНДЕКСЫ ДРУГИХ КЛАССИФИКАЦИЙ | |
| Индекс | 78.368.4я1 |
| Издание | LBC/RL |
| Код системы | |
| 686 1# - ИНДЕКСЫ ДРУГИХ КЛАССИФИКАЦИЙ | |
| Индекс | Ч734(2Р-4Ул-2У)711.24я18 |
| 686 1# - ИНДЕКСЫ ДРУГИХ КЛАССИФИКАЦИЙ | |
| Индекс | Ч734(28)729.8я18 |
| 686 1# - ИНДЕКСЫ ДРУГИХ КЛАССИФИКАЦИЙ | |
| Индекс | Я181(2Р-4Ул-2У)2 |
| 686 2# - ИНДЕКСЫ ДРУГИХ КЛАССИФИКАЦИЙ | |
| Индекс | Ш5(2=Р)51-4Карамзин29 |
| 702 #1 - ИМЯ ЛИЦА - ВТОРИЧНАЯ ОТВЕТСТВЕННОСТЬ | |
| Начальный элемент ввода | Ивашкина |
| Часть имени, кроме начального элемента ввода | Л. Ю. |
| Расширение инициалов личного имени | Людмила Юрьевна |
| Код отношения | Составитель |
| 702 #1 - ИМЯ ЛИЦА - ВТОРИЧНАЯ ОТВЕТСТВЕННОСТЬ | |
| Код отношения | Составитель |
| Графика поля | Кириллица |
| Материалы, к которым относится поле | rus |
| Начальный элемент ввода | Морозова |
| Часть имени, кроме начального элемента ввода | В. В. |
| Дополнения к именам, кроме дат | библиотекарь |
| Расширение инициалов личного имени | Венера Вениаминовна |
| Системный номер авторитетной/нормативной записи | 36152 |
| Идентификатор авторитетной/нормативной записи | RU\NLR\AUTH\7753219 |
| 711 02 - НАИМЕНОВАНИЕ ОРГАНИЗАЦИИ - АЛЬТЕРНАТИВНАЯ ОТВЕТСТВЕННОСТЬ | |
| Начальный элемент ввода | Дворец книги - Ульяновская областная научная библиотека им. В. И. Ленина |
| Структурное подразделение | Отдел редких книг и рукописей |
| Системный номер авторитетной/нормативной записи | 460055 |
| Идентификатор авторитетной/нормативной записи | RU\NLR\AUTH\880396724 |
| 942 ## - ДОПОЛНИТЕЛЬНЫЕ ЭЛЕМЕНТЫ ЗАПИСИ (АБИС) | |
| Тип экземпляра АБИС | Книга |
| 980 ## - КОЛЛЕКЦИЯ | |
| Название коллекции | НБР |
Нет доступных экземпляров.